Statistics for gold rush - Taylor Swift (All Lyrics)

Click here to take the quiz!

General Stats

  • This quiz has been taken 28 times
  • The average score is 294 of 341

Answer Stats

Lyrics% Correct
a
100%
don't
100%
gold
100%
I
100%
like
100%
rush
100%
rush,
100%
be
96%
in
96%
into
96%
it
96%
my
96%
My
96%
out
96%
that
96%
to
96%
up
96%
What
96%
what
96%
With
96%
you
96%
your
96%
beautiful?
91%
Everybody
91%
face
91%
falling
91%
feel
91%
grow
91%
hair
91%
love
91%
place
91%
the
91%
touch
91%
wants
91%
would
91%
anyone
87%
But
87%
call
87%
Eyes
87%
flush
87%
never
87%
on
87%
red
87%
see
87%
So
87%
wonders
87%
And
83%
anticipatin'
83%
as
83%
dominoes
83%
must
83%
pure
83%
At
78%
die
78%
folklore
78%
from
78%
life
78%
me
78%
mind
78%
past,
78%
quick
78%
shit
78%
Walk
78%
about
74%
almost
74%
bone
74%
brush
74%
contrarian
74%
crush
74%
door
74%
double
74%
hanging
74%
jump
74%
parties,
74%
Ships
74%
town
74%
vision
74%
anymore
70%
blush
70%
can't
70%
day
70%
dinner
70%
feels
70%
inviting,
70%
motion,
70%
old
70%
rose
70%
sinking
70%
slow
70%
'til
70%
will
70%
wooden
70%
'Cause
65%
coastal
65%
dream
65%
Eagles
65%
flying
65%
Gleaming,
65%
gray
65%
had
65%
of
65%
seen
65%
tea
65%
then
65%
T-shirt
65%
turns
65%
twinkling
65%
we
65%
could
61%
dare
61%
fades
61%
floors
61%
waters
61%
found
57%
won't
52%
across
48%
'round
48%
wandered
48%
padding
43%

Score Distribution

Percentile by Number Answered

Percent of People with Each Score

Your Score History

You have not taken this quiz